L'Espace urbain (Record no. 35461)
[ view plain ]
| 000 -LEADER | |
|---|---|
| fixed length control field | 00772 a2200325 4500 |
| 037 ## - SOURCE OF ACQUISITION | |
| Stock number | L4808 |
| 037 ## - SOURCE OF ACQUISITION | |
| Stock number | L4807 |
| 037 ## - SOURCE OF ACQUISITION | |
| Stock number | L4811 |
| 037 ## - SOURCE OF ACQUISITION | |
| Stock number | L4812 |
| 037 ## - SOURCE OF ACQUISITION | |
| Stock number | L4806 |
| 037 ## - SOURCE OF ACQUISITION | |
| Stock number | L4805 |
| 037 ## - SOURCE OF ACQUISITION | |
| Stock number | L4813 |
| 020 ## - NUMERO INTERNATIONAL NORMALISE DES LIVRES | |
| International Standard Book Number | 2-225-65835-8 |
| 100 ## - VEDETTE PRINCIPALE - NOM DE PERSONNE | |
| Language of a work | Fr |
| 100 ## - VEDETTE PRINCIPALE - NOM DE PERSONNE | |
| Personal name | Bastié, Jean |
| 260 ## - PUBLICATION, DISTRIBUTION, ETC. (IMPRINT) | |
| Name of publisher, distributor, etc | Masson |
| 245 ## - TITLE STATEMENT | |
| Title | L'Espace urbain |
| 260 ## - PUBLICATION, DISTRIBUTION, ETC. (IMPRINT) | |
| Place of publication, distribution, etc | Paris |
| 260 ## - PUBLICATION, DISTRIBUTION, ETC. (IMPRINT) | |
| Date of publication, distribution, etc | 1980 |
| 300 ## - PHYSICAL DESCRIPTION | |
| Extent | 381 p. |
| 300 ## - PHYSICAL DESCRIPTION | |
| Other physical details | 25 cm |
| 650 ## - SUBJECT ADDED ENTRY--TOPICAL TERM | |
| Topical term or geographic name as entry element | Urbanisation |
| 650 ## - SUBJECT ADDED ENTRY--TOPICAL TERM | |
| Topical term or geographic name as entry element | Espace urbain |
| 650 ## - SUBJECT ADDED ENTRY--TOPICAL TERM | |
| Topical term or geographic name as entry element | Aménagement du territoire |
| 630 ## - SUBJECT ADDED ENTRY--UNIFORM TITLE | |
| Uniform title | 91 - Geographie. Exploration de la terre, des diverses regions, des divers pays. Voyages. Geographie regionale |
| 650 ## - SUBJECT ADDED ENTRY--TOPICAL TERM | |
| Topical term or geographic name as entry element | 9 - GEOGRAPHIE ET HISTOIRE |
| 700 ## - ADDED ENTRY--PERSONAL NAME | |
| Personal name | Dézert, Bernard |
| Withdrawn status | Lost status | Damaged status | Not for loan | Location (home branch) | Sublocation or collection (holding branch) | Date acquired | Koha issues (times borrowed) | Koha full call number | Koha date last seen | Price effective from | Koha item type |
|---|---|---|---|---|---|---|---|---|---|---|---|
| Bibliothèque Universitaire Centrale | Bibliothèque Universitaire Centrale | 28/02/2009 | 911.3:711 BAS | 28/02/2009 | 28/02/2009 | Livre |